Quiz dos 7 Anões - Statistics

Estatísticas Gerais
  • Esse quiz foi jogado 12 802 vezes
  • A pontuação média é 5 de 7
Estatísticas das Respostas
Anão % Correto
Zangado
91%
Soneca
77%
Dunga
75%
Feliz
66%
Atchim
65%
Mestre
60%
Dengoso
57%
Nenhum quiz correspondente encontrado
Distribuição das Pontuações
Porcentagem de Pessoas com Cada Pontuação
Percentil de Números Respondidos
Sua Pontuação Histórica
Você não jogou esse quiz